Oportunidades, preocupaciones y propuestas del sector productor-exportador frutícola nacional

Gespeichert in:
Bibliographische Detailangaben
Körperschaft: Asociación de Exportadores de Chile AG (VerfasserIn)
Format: Buch
Sprache:Spanisch
Veröffentlicht: Santiago ASOEX 2006
Ausgabe:1a. ed
Schlagworte:
Tags: Tag hinzufügen
Keine Tags, Fügen Sie den ersten Tag hinzu!

MARC

LEADER 00000nam a2200000 a 4500
001 UCJ1425
003 CL-VaPUC
008 061020e20060000CL |||||||||||||||||spa|d
082 0 4 |a 382.41  |b ASO  |2 21 
110 2 |a Asociación de Exportadores de Chile AG  |e author  |9 502046 
245 1 0 |a Oportunidades, preocupaciones y propuestas del sector productor-exportador frutícola nacional 
250 |a 1a. ed 
300 |a 93 p 
942 |c BK 
945 |d 20061020 00:00:00  |a cmena 
260 |a Santiago  |b ASOEX  |c 2006 
650 7 |a EXPORTACIONES  |2 CL-VaPUC  |9 255382 
650 0 |a Industria agrícola   |9 264819 
650 0 |a Fruticultura  |9 259678 
650 7 |a INNOVACIONES TECNOLOGICAS  |2 CL-VaPUC  |9 502047 
650 0 |a Marketing  |9 259324 
650 0 |a Investigación de mercado  |9 332310 
650 0 |a Tratados internacionales   |9 256056 
583 |a last modification  |c 20141114 05:26:53  |k Rodrigo Vera 
999 |c 318012  |d 318010 
952 |0 0  |1 0  |4 0  |6 382_410000000000000_ASO_2006  |7 0  |8 A  |9 395216  |a BIBAGR  |b BIBAGR  |d 2019-11-22  |i 4287606  |o 382.41 ASO 2006  |p 4287606  |r 2024-01-30  |w 2019-11-22  |y BK  |k AGR